<?xml version="1.0" encoding="UTF-8"?>
<record
    xmlns:xsi="http://www.w3.org/2001/XMLSchema-instance"
    xsi:schemaLocation="http://www.loc.gov/MARC21/slim http://www.loc.gov/standards/marcxml/schema/MARC21slim.xsd"
    xmlns="http://www.loc.gov/MARC21/slim">

  <leader>02518nam a2200205 a 4500</leader>
  <controlfield tag="001">000048870</controlfield>
  <controlfield tag="005">20201002061455.0</controlfield>
  <controlfield tag="008">190424s2016    dr a          000 0 spa d</controlfield>
  <datafield tag="020" ind1=" " ind2=" ">
    <subfield code="a">9789945580310</subfield>
  </datafield>
  <datafield tag="040" ind1=" " ind2=" ">
    <subfield code="a">DO-SdBNP</subfield>
    <subfield code="b">spa</subfield>
    <subfield code="c">BNPHU</subfield>
  </datafield>
  <datafield tag="082" ind1=" " ind2=" ">
    <subfield code="a">xxxx</subfield>
    <subfield code="b">C617i</subfield>
  </datafield>
  <datafield tag="245" ind1="0" ind2="0">
    <subfield code="a">Claves innovadoras para la prevenci&#xF3;n del abandono en instituciones de educaci&#xF3;n :</subfield>
    <subfield code="b">experiencias internacionales /</subfield>
    <subfield code="c">Magdalena Cruz y &#xC1;ngeles S&#xE1;nchez Elvira (editores).</subfield>
  </datafield>
  <datafield tag="260" ind1=" " ind2=" ">
    <subfield code="a">Santiago de los Caballeros, Rep&#xFA;blica Dominicana :</subfield>
    <subfield code="b">Ediciones UAPA,</subfield>
    <subfield code="c">2016.</subfield>
  </datafield>
  <datafield tag="300" ind1=" " ind2=" ">
    <subfield code="a">x, 264 p. :</subfield>
    <subfield code="b">il. ;</subfield>
    <subfield code="c">23 cm.</subfield>
  </datafield>
  <datafield tag="504" ind1=" " ind2=" ">
    <subfield code="a">Incluye referencias bibliogr&#xE1;ficas al final de los cap&#xED;tulos</subfield>
  </datafield>
  <datafield tag="505" ind1="0" ind2=" ">
    <subfield code="a">Prefacio --</subfield>
    <subfield code="t">Introducci&#xF3;n --</subfield>
    <subfield code="t">El perfil de los alumnos y las acciones para disminuir la deserci&#xF3;n escolar: la experiencia del Consorcio CEDERJ --</subfield>
    <subfield code="r">M. O. Masuda, K. M. Cassiano, M. V. Macedo y C. E. Bielschowsky</subfield>
    <subfield code="t">Acolhimento e integracao como valor estrat&#xE9;gico: an&#xE1;lise do sistema institucional de apoio ao estudante virtual da UAb --</subfield>
    <subfield code="r">I. Morgado, A. Neves y A. Teixeira</subfield>
    <subfield code="t">Estrategias de acompa&#xF1;amiento a los alumnos de nuevo ingreso en la modalidad a distancia: un estudio de caso de la Universidad Abierta para Adultos --</subfield>
    <subfield code="r">Magdalena Cruz y Jos&#xE9; Manuel Fern&#xE1;ndez</subfield>
    <subfield code="t">El programa de formaci&#xF3;n proped&#xE9;utica del Sistema Universidad Abierta y Educaci&#xF3;n a Distancia de la UNAM: trayectoria y perspectivas de una pol&#xED;tica universitaria innovadora de apoyo al aspirante a ingresar a una licenciatura a distancia --</subfield>
    <subfield code="r">H&#xE9;ctor S. Barr&#xF3;n Soto y Rosario Freixas Florres</subfield>
    <subfield code="t">Estrategias de acompa&#xF1;amiento para promover la permanencia de la poblaci&#xF3;n estudiantil en la UNED de Costa Rica --</subfield>
    <subfield code="r">Rosberly Rojas Campos y Edgar Castro Monge</subfield>
    <subfield code="t">Advanced student support tools for open and distance education students: example of Anadolu University ashtag-based frequently asked question systems --</subfield>
    <subfield code="r">Mehmet FIRAT and Muhammet Recep OKUR</subfield>
    <subfield code="t">Virtualidad como estrategia de prevenci&#xF3;n de abandono en estudiantes de ingenier&#xED;a --</subfield>
    <subfield code="r">J. L. C&#xF3;rica; S. P&#xE9;rez; D. Carbonari y D. Arg&#xFC;ello</subfield>
    <subfield code="t">El Centro de Acompa&#xF1;amiento Integral y Permanencia Estudiantil. Universidad Santo Tom&#xE1;s, Bogot&#xE1; --</subfield>
    <subfield code="r">Michael Alex&#xE1;nder Pita Ojeda y F&#xE9;lix Hernando Barreto Junca</subfield>
    <subfield code="t">&#xBF;C&#xF3;mo desarrollar un sistema de apoyo al estudiante de calidad en entornos mediados por tecnolog&#xED;a? Experiencias de la UNED de Espa&#xF1;a --</subfield>
    <subfield code="r">&#xC1;ngeles S&#xE1;nchez-Elvira Paniagua.</subfield>
  </datafield>
  <datafield tag="590" ind1=" " ind2=" ">
    <subfield code="a">Inventariado, 2019/LP</subfield>
  </datafield>
  <datafield tag="700" ind1="1" ind2=" ">
    <subfield code="a">Cruz, Magdalena,</subfield>
    <subfield code="e">ed.</subfield>
    <subfield code="9">76320</subfield>
  </datafield>
  <datafield tag="700" ind1="1" ind2=" ">
    <subfield code="a">S&#xE1;nchez-Elvira, &#xC1;ngeles,</subfield>
    <subfield code="e">ed.</subfield>
    <subfield code="9">76321</subfield>
  </datafield>
  <datafield tag="952" ind1=" " ind2=" ">
    <subfield code="0">0</subfield>
    <subfield code="1">0</subfield>
    <subfield code="5">4</subfield>
    <subfield code="7">0</subfield>
    <subfield code="8">DS</subfield>
    <subfield code="a">GR</subfield>
    <subfield code="b">GR</subfield>
    <subfield code="c">HD</subfield>
    <subfield code="d">2019-04-24</subfield>
    <subfield code="i">LF1</subfield>
    <subfield code="l">0</subfield>
    <subfield code="o">xxxx C617i</subfield>
    <subfield code="p">48870-30</subfield>
    <subfield code="r">2020-06-25</subfield>
    <subfield code="t">e. 3</subfield>
    <subfield code="w">2020-06-25</subfield>
    <subfield code="y">LFDS</subfield>
    <subfield code="Z">Pr&#xE9;stamo en sala</subfield>
  </datafield>
  <datafield tag="952" ind1=" " ind2=" ">
    <subfield code="0">0</subfield>
    <subfield code="1">0</subfield>
    <subfield code="7">1</subfield>
    <subfield code="8">PD</subfield>
    <subfield code="a">PD</subfield>
    <subfield code="b">PD</subfield>
    <subfield code="c">HD</subfield>
    <subfield code="d">2019-04-24</subfield>
    <subfield code="i">LF1</subfield>
    <subfield code="l">0</subfield>
    <subfield code="o">xxxx C617i</subfield>
    <subfield code="p">48870-10</subfield>
    <subfield code="r">2020-06-25</subfield>
    <subfield code="w">2020-06-25</subfield>
    <subfield code="y">LFPD</subfield>
    <subfield code="Z">No se presta</subfield>
  </datafield>
  <datafield tag="952" ind1=" " ind2=" ">
    <subfield code="0">0</subfield>
    <subfield code="1">0</subfield>
    <subfield code="7">1</subfield>
    <subfield code="8">PD</subfield>
    <subfield code="a">PD</subfield>
    <subfield code="b">PD</subfield>
    <subfield code="c">HD</subfield>
    <subfield code="d">2019-04-24</subfield>
    <subfield code="i">LF1</subfield>
    <subfield code="l">0</subfield>
    <subfield code="o">xxxx C617i</subfield>
    <subfield code="p">48870-20</subfield>
    <subfield code="r">2020-06-25</subfield>
    <subfield code="t">e. 2</subfield>
    <subfield code="w">2020-06-25</subfield>
    <subfield code="y">LFPD</subfield>
    <subfield code="Z">No se presta</subfield>
  </datafield>
  <datafield tag="999" ind1=" " ind2=" ">
    <subfield code="c">48358</subfield>
    <subfield code="d">48358</subfield>
  </datafield>
</record>
